Alianza estratégica República Popular de China y Costa Rica /

Сохранить в:
Библиографические подробности
Главный автор: Bo, Yu
Формат: Текст
Метки: Добавить метку
Нет меток, Требуется 1-ая метка записи!

MARC

LEADER 00000 a a2200000 04500
001 44726
003
040
100 |a Bo, Yu  
245 |a Alianza estratégica República Popular de China y Costa Rica /  |c Yu Bo  
773 |g páginas 13-18  
999 |c 33906  |d 33906